000 01400cam a2200289 a 4500
003 EG-GiCUC
008 090527s1994 su f f000 0 ara d
017 _a15 / 0590
_bالسعودية. مكتبة الملك فهد الوطنية.
020 _a9960000311
040 _aEG-GiCUC
_bara
_cEG-GiCUC
043 _aa-su---
092 0 4 _a027.4531
_bD813
_221
099 _a04
_a027.4531 D813
100 1 _aالضبيعان: سعد عبدالله.
245 1 0 _aاطلالة تاريخية على المكتبات العامة فى المملكة مع دليل شامل لها /
_cسعد بن عبدالله الضبيعان.
260 _aالرياض :
_bمكتبة الملك فهد الوطنية:
_c1994.
300 _a 203ص. ؛
_c24 سم.
440 2 _aالسلسلة الثالثة ؛
_v16.
500 _aالنسخة رقم(121229)اهداء مكتبة البابطين المركزية للشعر العربى : النسخة رقم(143973)اهداء الملحقية الثقافية
650 7 _aالمكتبات العامة
_zالسعودية.
_2qrmak
902 _a2
905 _aابراهيم
_eمدخل
905 _eمراجع
942 _2ddc
_cBK
999 _c110172
_d110172